000 00930nam a22003017a 4500
001 5079
003 FISKH
005 20241105100405.0
008 241105b cb ||||| |||| 00| 0 eng d
020 _a033500261053
040 _aFISKH
_beng
_cFISKH
_dFISKH
050 _aPS3503.R82184
082 _a811.52
100 _aBrown, Wise Margaret
_d(1910–1952)
245 _aI like stars /
_cby Margaret Wise Brown illustrated by Joan Paley with an afterword by Leonard S. Marcus
250 _a1954
260 _aNew York :
_bA Golden,
_c1954.
300 _a29 pages :
_bColor illustrations ;
_c23 cm
505 _aB
520 _aA simple poem describing all kinds of stars that appear in the night sky.
521 8 _a120L
_bLexile
521 8 _aB
_bRaz-plus
650 _2Beginning reader
_aEasy reader
650 _2Space
_aScience
700 _aPaley, Joan
_dIllustrator
942 _2ddc
_cBK
_n0
999 _c5079
_d5079